Global Warming / (Record no. 35591)

MARC details
000 -LEADER
fixed length control field 01492nam a22002777a 4500
005 - DATE AND TIME OF LATEST TRANSACTION
control field 20100925152819.0
010 ## - LCCN (DPL NO)
LC control number B-411127-130
020 ## - INTERNATIONAL STANDARD BOOK NUMBER
Terms of availability 395.00
International Standard Book Number 9788130913872
035 ## - SYSTEM CONTROL NUMBER
System control number B-411127-130
037 ## - SOURCE OF ACQUISITION
Source of stock number/acquisition Viva Books
082 ## - DEWEY DECIMAL CLASSIFICATION NUMBER
Classification number 363.73874
100 ## - MAIN ENTRY--PERSONAL NAME
Personal name Long, Douglas
245 ## - TITLE STATEMENT
Title Global Warming /
Statement of responsibility, etc by Douglas Long
260 ## - PUBLICATION, DISTRIBUTION, ETC. (IMPRINT)
Place of publication, distribution, etc New Delhi
Name of publisher, distributor, etc Viva Books
Date of publication, distribution, etc 2010
270 ## - ADDRESS
Address 4737/23, Ansari Road, Daryaganj
City New Delhi
Postal code 110002
300 ## - PHYSICAL DESCRIPTION
Extent 300p.
Dimensions 24 cm (pbk)
500 ## - GENERAL NOTE
General note Includes index
650 ## - SUBJECT ADDED ENTRY--TOPICAL TERM
Topical term or geographic name as entry element global warming
650 ## - SUBJECT ADDED ENTRY--TOPICAL TERM
Topical term or geographic name as entry element Climatic changes
942 ## - ADDED ENTRY ELEMENTS (KOHA)
Item type English Books
Classification part 363.73874
Source of classification or shelving scheme Dewey Decimal Classification
Call number suffix LON
Holdings
Withdrawn status Lost status Not for loan Collection code Home library Current library Date acquired Source of acquisition Cost, normal purchase price Full call number Barcode Copy number Cost, replacement price Koha item type
      Non-fiction Central Library Central Library 25/09/2010 Viva Books/2861/157.10/69/1.7.10/19.7.10 395.00 363.73874 LON B-411127 1 395.00 English Books
      Non-fiction Patel Nagar Patel Nagar 25/09/2010 Viva Books/2861/157.10/69/1.7.10/19.7.10 395.00 363.73874 LON B-411128 1 395.00 English Books
      Non-fiction Sarojini Nagar Sarojini Nagar 25/09/2010 Viva Books/2861/157.10/69/1.7.10/19.7.10 395.00 363.73874 LON B-411129 1 395.00 English Books
      Non-fiction Vinoba Puri Vinoba Puri 25/09/2010 Viva Books/2861/157.10/69/1.7.10/19.7.10 395.00 363.73874 LON B-411130 1 395.00 English Books

© Delhi Public Library
Hit Counter
free hit counter